[Event "Scarborough CC ch reserves"]
[Site "Toronto CAN"]
[Date "2007.03.08"]
[Round "9"]
[White "Graham, John"]
[Black "Philip, Andrew"]
[Result "1/2-1/2"]
[Annotator "Armstrong, Robert"]
[WhiteElo "1481"]
[BlackElo "1694"]
[PlyCount "88"]
[GameId "2160767740575965"]
[EventDate "2007.01.04"]
[EventType "swiss"]
[EventRounds "9"]
[EventCountry "CAN"]

1. c4 Nf6 2. g3 $15 g6 $11 3. Bg2 d5 $2 $14 (3... Bg7 4. Nc3 c6 5. d4 d5 6. cxd5 cxd5 7. Nf3 Nc6 8. O-O O-O $11) 4. e3 $4 $15 (4. cxd5 Bg7 5. e4 c6 6. d4 O-O 7. dxc6 Nxc6 8. Ne2 Qb6 9. O-O Rd8 $14) 4... Bg7 $2 $11 (4... dxc4 5. Na3 Bg7 6. Nxc4 O-O $15) 5. Ne2 $2 $15 (5. cxd5 Nxd5 6. Ne2 O-O $11) 5... O-O $2 $11 (5... dxc4 6. Na3 Nc6 7. Nxc4 Be6 8. Qb3 O-O 9. d3 Nd5 $15) 6. cxd5 Nxd5 7. O-O c6 8. d4 Na6 9. Nbc3 Nac7 (9... Be6 10. Qc2 Qd7 11. Nxd5 Bxd5 12. e4 Nb4 13. Qd2 Bc4 14. Qxb4 Bxe2 15. Re1 a5 16. Qa3 Bb5 $11) 10. Qb3 $2 $15 (10. Nxd5 Nxd5 11. e4 Nb6 12. Qc2 Be6 $11) 10... Rb8 $4 $14 (10... Nb6 11. Qc2 Ncd5 12. a3 Nxc3 13. bxc3 Nc4 14. Nf4 e5 15. Qe2 Nd6 16. Nd3 e4 17. Nc5 f5 $15) 11. e4 Nxc3 12. bxc3 Be6 13. Qc2 Bc4 14. Bf4 e6 15. Rfe1 b5 16. Rad1 Qe7 17. Nc1 g5 $2 $16 {John gets a " clear " advantage} (17... e5 18. Bxe5 Bxe5 19. dxe5 Qxe5 $14) 18. Be3 Rfd8 $2 $18 {John gets a " winning " advantage} (18... c5 19. dxc5 g4 20. Nb3 Rfc8 $16) 19. Nb3 Bxb3 20. axb3 a6 21. Qc1 $2 $16 (21. f4 gxf4 22. gxf4 Kh8 $18) 21... h6 22. f4 f6 (22... gxf4 23. gxf4 f5 24. Kh1 Kh8 25. e5 Nd5 $16) 23. e5 (23. b4 Ra8 24. fxg5 fxg5 25. e5 a5 26. Bxc6 Ra6 27. Bb7 Ra7 28. Bg2 axb4 29. cxb4 Nd5 30. Bxd5 exd5 $16) 23... Nd5 24. exf6 (24. fxg5 hxg5 25. exf6 Bxf6 26. Bf2 Qf7 $16) 24... Bxf6 25. fxg5 hxg5 26. Bd2 $2 $14 {John has let his advantage slip away} (26. Bf2 Qf7 27. Rd2 Rd6 28. c4 Ne7 $16) 26... c5 (26... b4 27. cxb4 Nxb4 28. Be3 Nd5 $14) 27. Qc2 $2 $11 (27. Kh1 cxd4 28. cxd4 Rbc8 29. Qb1 Kg7 $14) 27... Kg7 $4 $16 (27... cxd4 28. cxd4 Bxd4+ 29. Kh1 Rd6 $14) (27... b4 28. c4 Bxd4+ 29. Kh1 Nc3 30. Qg6+ Qg7 31. Qxe6+ Qf7 32. Qxf7+ Kxf7 33. Rf1+ Kg6 $11) 28. Bh3 $4 $11 (28. Kh1 a5 29. Qe4 cxd4 30. cxd4 Nb4 $16) 28... cxd4 $2 $14 (28... Rb6 29. Kh1 cxd4 30. cxd4 b4 $11) 29. Rxe6 {material equality} Qc5 30. Kh1 $2 $11 (30. Qf5 Rb6 31. b4 Qc7 32. Rde1 Rxe6 33. Rxe6 Rd6 34. Rxf6 Nxf6 35. Qxg5+ Kf7 $14) 30... Nb4 $4 $18 {John again gets a " winning " advantage} (30... d3 31. Qc1 Rh8 32. b4 Qc4 33. Bxg5 Rxh3 34. Bxf6+ Kf7 35. Qg5 Rg8 36. Qe5 Qg4 37. Re7+ Nxe7 38. Qxe7+ Kg6 39. Rxd3 Rh7 40. Qe3 Rf8 41. Rd6 Rxf6 42. Qe8+ Kg7 43. Rd7+ Kh6 44. Qe3+ Kg6 45. Qe8+ $11) 31. Qe4 dxc3 $2 $18 {leads to mate in 13; Andrew goes up a P} (31... Qd5 32. cxb4 Qxe4+ 33. Rxe4 Rd6 34. Bf5 Rbd8 $18 {( 3.85 )}) 32. Rf1 $4 $15 {John misses the winning line} (32. Rxf6 Qd5 (32... Kxf6 $2 33. Bxc3+ Qxc3 34. Qf5+ Ke7 35. Qe6+ Kf8 36. Rf1+ Qf6 37. Rxf6+ Kg7 38. Qf7+ Kh8 39. Rh6#) 33. Rg6+ Kh7 34. Rg7+ Kxg7 35. Bxc3+ Kf8 36. Rf1+ Kg8 37. Be6+ Qxe6 38. Qxe6+ Kh7 39. Qf7+ Kh6 40. Rf6#) 32... cxd2 $2 $11 {Andrew goes up N + P} (32... Qd5 33. Bg2 Qxe4 34. Bxe4 cxd2 35. Rexf6 Rd7 $15) 33. Rexf6 {both players were now getting into time pressure; Andrew is now only up a P} Qd5 34. Rg6+ Kh8 $4 $18 {a blunder; leads to mate in 7} (34... Kh7 35. Rf7+ Qxf7 36. Rxg5+ Kh8 37. Qe5+ Kh7 38. Qe4+ Kh8 $11) 35. Rh6+ Kg7 36. Rh7+ Kg8 37. Be6+ Qxe6 38. Qxe6+ Kxh7 {John has Q vs R + N + P} 39. Rf7+ Kh8 40. Qg6 $4 $19 {in the time pressure, after pursuing the mate correctly , John blunders and misses the final moves. And now Andrew has a win, but no time left} (40. Qh6+ Kg8 41. Qh7#) 40... d1=Q+ {Andrew is up R + N} 41. Kg2 Rd2+ 42. Kh3 Rxh2+ $2 $19 {Andrew misses the best line} (42... g4+ 43. Qxg4 Rxh2+ 44. Kxh2 Qxg4 $19) 43. Kxh2 {Andrew is up N + P} Qc2+ 44. Qxc2 Nxc2 $19 {with his flag hanging, Andrew offered a draw, which John happily accepted.} 1/2-1/2

[Event "Scarborough CC ch reserves"]
[Site "Toronto CAN"]
[Date "2007.03.08"]
[Round "9"]
[White "Lung, Patrick"]
[Black "Muir, Tom"]
[Result "1-0"]
[WhiteElo "1535"]
[BlackElo "1594"]
[PlyCount "49"]
[GameId "2160767910739585"]
[EventDate "2007.01.04"]
[EventType "swiss"]
[EventRounds "9"]
[EventCountry "CAN"]
[SourceTitle "EXT 2022"]
[Source "ChessBase"]
[SourceDate "2021.10.06"]
[SourceVersion "1"]
[SourceVersionDate "2021.10.06"]
[SourceQuality "1"]

1. e4 c6 2. d4 d5 3. Nc3 dxe4 4. Nxe4 Bf5 5. Nc5 Qb6 6. Nb3 e6 7. Bf4 Nf6 8. Nf3 Nbd7 9. g3 Be7 10. c4 O-O 11. Rc1 Bb4+ 12. Nbd2 Bg4 13. Bg2 Ne4 14. O-O e5 15. Nxe4 exf4 16. gxf4 Rfe8 17. c5 Qa5 18. Nd6 Re6 19. f5 Rf6 20. a3 Bxc5 21. dxc5 Qc7 22. Re1 b6 23. Re8+ Nf8 24. Rxa8 bxc5 25. Ne8 1-0

[Event "Scarborough CC ch reserves"]
[Site "Toronto CAN"]
[Date "2007.03.08"]
[Round "9"]
[White "Perez, Michael"]
[Black "Tursman, Richard"]
[Result "1-0"]
[Annotator "Armstrong, Robert"]
[WhiteElo "1673"]
[BlackElo "1498"]
[PlyCount "67"]
[GameId "2160767740575966"]
[EventDate "2007.01.04"]
[EventType "swiss"]
[EventRounds "9"]
[EventCountry "CAN"]

1. d4 d5 2. c4 c6 3. Nc3 Nf6 4. Nf3 a6 $4 $16 (4... e6 5. e3 Bd6 6. Bd3 Nbd7 $11) 5. a4 $4 $11 (5. e3 e6 6. Bd3 Nbd7 7. O-O Bd6 8. e4 dxe4 9. Nxe4 Nxe4 10. Bxe4 Nf6 11. Bc2 b6 $16) 5... e6 6. Bg5 Nbd7 7. e3 Bb4 $2 $14 (7... Qa5 8. Qc2 b5 9. cxd5 cxd5 10. Qb3 Ne4 11. Bf4 Bb7 $11) 8. Qc2 $2 $11 (8. cxd5 exd5 9. Bd3 Qa5 10. O-O O-O $14) 8... Qa5 9. Bd3 $2 $15 (9. Be2 Ne4 10. O-O Bxc3 11. bxc3 Qxc3 $11) 9... dxc4 10. Bxc4 b5 $4 $18 {Michael gets a " winning " advantage} (10... Ne4 11. Qxe4 Bxc3+ 12. Kf1 Nb6 13. Qc2 Bxb2 14. Qxb2 Nxc4 $15) 11. Bd3 Bxc3+ 12. bxc3 b4 (12... Nb6 13. O-O Nxa4 14. Rfc1 h6 15. Bh4 O-O $18) 13. cxb4 Qxb4+ 14. Nd2 Qa5 15. Bxf6 gxf6 16. Qxc6 {Michael goes up a P} Rb8 17. Qc2 f5 18. O-O Rg8 (18... Bb7 19. f3 O-O 20. Nc4 Qc7 $18) 19. f3 h5 20. e4 Qb6 21. Kh1 Qd8 $2 $18 {( 3.36 )} (21... Qxd4 22. exf5 Nc5 23. Rab1 Rxb1 24. Rxb1 Ke7 $18 {( 2.12 )}) 22. exf5 {Michael goes up 2 P's} Qg5 $2 $18 {( 5.06 )} (22... exf5 23. Bxf5 Kf8 24. Ne4 Kg7 $18 {( 3.70 )}) 23. Ne4 Qe7 24. Rab1 Rxb1 $2 $18 {this loses the B} (24... Qd8 25. fxe6 fxe6 26. Rfc1 Rxb1 27. Qxb1 Kf8 $18) 25. Qxc8+ Qd8 26. Qxd8+ Kxd8 27. Rxb1 exf5 28. Nd6 f4 29. Nxf7+ {Michael is up B + 2 P's} Ke7 30. Rb7 Rc8 31. h3 Kxf7 32. Rxd7+ Kf6 33. Bxa6 {Michael goes up B + 3 P's} h4 $4 {in a totally lost position, Dick blunders the R.} 34. Bxc8 1-0

[Event "Scarborough CC ch reserves"]
[Site "Toronto CAN"]
[Date "2007.03.08"]
[Round "9"]
[White "Roe, Jim"]
[Black "Wu, Aaron"]
[Result "0-1"]
[Annotator "Armstrong, Robert"]
[WhiteElo "1637"]
[BlackElo "1491"]
[PlyCount "76"]
[GameId "2160767740575967"]
[EventDate "2007.01.04"]
[EventType "swiss"]
[EventRounds "9"]
[EventCountry "CAN"]

1. d4 Nf6 2. c4 g6 $14 3. Nc3 Bg7 4. e4 d6 5. f3 $2 $11 (5. Nf3 $14) 5... Nbd7 6. Be3 O-O 7. Bd3 c5 8. d5 $2 $15 (8. Nge2 cxd4 9. Bxd4 Ne5 10. O-O Nc6 11. Be3 Nd7 $11) 8... Ne5 9. Nge2 Nxd3+ $2 $11 (9... Bd7 10. O-O a6 11. a3 Qb6 $15) 10. Qxd3 Bd7 11. O-O Qc7 12. Qd2 a6 (12... Rfe8 13. Rab1 Qa5 14. Bh6 Bh8 $11) 13. Bh6 b5 14. Bxg7 Kxg7 15. Ng3 Qa5 $2 $14 (15... bxc4 16. Nd1 Rab8 17. Ne3 Rb4 $11) 16. Qd3 $2 $11 (16. f4 b4 17. Nd1 Qc7 18. Re1 Ng4 $14) 16... bxc4 {Aaron goes up a P} 17. Qd2 Rab8 18. f4 Qb6 19. Rab1 a5 $2 $14 (19... h5 $2 20. e5 Ng4 21. exd6 exd6 $14) (19... Ng4 20. h3 Nh6 21. Qe3 Ng8 $11) 20. h3 (20. e5 Ng4 21. Rfe1 h5 22. Nge4 h4 $14) 20... Rbd8 (20... Ng8 21. Rf2 a4 22. Nf1 a3 23. bxa3 Qa6 $14) 21. Rbe1 $2 $11 (21. e5 Ng8 22. exd6 exd6 $14) 21... e6 22. Rf2 exd5 $2 $14 (22... h6 23. Re3 Bc8 24. f5 e5 $11) 23. exd5 (23. e5 Ng8 24. Nxd5 Qc6 25. exd6 Qxd6 $14) 23... Rfe8 24. Rfe2 Rxe2 25. Rxe2 Re8 (25... Qb4 26. a3 Qb3 27. f5 Re8 $14) (25... Bf5 26. Nxf5+ gxf5 27. Nd1 Ne4 28. Qe1 Qb7 29. Ne3 Qd7 $14) (25... h6 26. Nge4 Re8 27. Nxf6 Rxe2 28. Qxe2 Kxf6 29. Ne4+ Kg7 $14) 26. Nf1 $4 $17 {Aaron gets a " clear " advantage} (26. Nce4 Ng8 27. Qc3+ f6 28. Nf1 Qb4 $14) 26... Rxe2 27. Qxe2 Bf5 28. Ne3 (28. g4 Bd3 29. Qg2 Qb7 30. Ng3 Qe7 $17) 28... Bd3 29. Qd2 Qd8 $4 $11 {it's been a close back and forth battle; and now it's back to equality} (29... Qb7 30. Qf2 Qe7 31. g4 h6 $17) 30. Ncd1 $4 $19 (30. b3 Ne4 31. Nxe4 Bxe4 32. Nxc4 Qf6 $11) 30... Ne4 31. Qc1 ({better is} 31. Qe1 Qf6 32. Nxc4 Bxc4 33. Qxe4 Qd4+ 34. Qxd4+ cxd4 35. b3 Bxd5 $19) 31... Qh4 32. Nxc4 $2 $19 {( - 5.67 ) material equality, but Aaron has a " winning " advantage} (32. f5 Qe1+ 33. Kh2 Kg8 34. fxg6 hxg6 35. Ng4 f5 36. Qh6 Qg3+ 37. Kg1 fxg4 38. Qxg6+ Kf8 39. Qh6+ Kf7 40. Qe6+ Kg7 41. hxg4 Qe1+ 42. Kh2 Qh4+ 43. Kg1 Qf6 $19 {( - 4.28 )}) 32... Qe1+ 33. Kh2 Nf2 $2 $17 (33... Bxc4 34. Qxc4 Nd2 35. Qc1 Nf1+ 36. Kh1 Ne3+ 37. Kh2 Nxd1 $19) 34. Nce3 $2 $19 (34. Nxd6 Nxd1 35. Qxc5 Qe3 36. Ne8+ Qxe8 37. Qd4+ Kg8 38. Qxd3 Nxb2 $17) 34... Qh1+ 35. Kg3 Ne4+ 36. Kf3 Qe1 {Jim resigned. Coming is} 37. Qc3+ (37. Kg4 Qg3#) 37... Nxc3 38. Nxc3 Qd2 $19 0-1

[Event "Scarborough CC ch reserves"]
[Site "Toronto CAN"]
[Date "2007.03.08"]
[Round "9"]
[White "Sherman, Joshua"]
[Black "London, John"]
[Result "1/2-1/2"]
[Annotator "Armstrong, Robert"]
[WhiteElo "1700"]
[BlackElo "1836"]
[PlyCount "44"]
[GameId "2160767740575968"]
[EventDate "2007.01.04"]
[EventType "swiss"]
[EventRounds "9"]
[EventCountry "CAN"]
[TimeControl "3600"]

{400MB, Fritz8.ctg, SOLOZEN} 1. e4 e6 $14 2. d4 d5 3. exd5 (3. e5 Ne7 4. Bd3 Nf5 5. Ne2 b6 $14) 3... exd5 4. Bd3 Nf6 5. Nf3 Bd6 6. O-O $2 $11 (6. Qe2+ Be7 7. O-O O-O 8. Bg5 Nc6 $14) 6... O-O 7. Re1 Bg4 8. Bg5 Nbd7 9. Nbd2 c6 10. c3 Qc7 11. Qc2 Rfe8 12. h3 Bh5 13. Bh4 Rac8 14. Rxe8+ (14. Rad1 Bf4 15. Bf5 Rcd8 $11) 14... Rxe8 15. Re1 Rxe1+ 16. Nxe1 Bf4 17. Nef3 Bg6 18. Bxg6 fxg6 19. c4 Qa5 20. a3 dxc4 21. Qxc4+ Qd5 22. Qxd5+ Nxd5 $11 1/2-1/2

[Event "Schnitka mem"]
[Site "Edmonton CAN"]
[Date "2007.05.03"]
[Round "1"]
[White "Thompson, Peter"]
[Black "Zeggelaar, Mike"]
[Result "1-0"]
[WhiteElo "1604"]
[BlackElo "1491"]
[PlyCount "87"]
[GameId "2160767910684711"]
[EventDate "2007.05.03"]
[EventType "swiss"]
[EventRounds "5"]
[EventCountry "CAN"]

1. e4 c5 2. Nf3 d6 3. d4 cxd4 4. Nxd4 Nf6 5. Nc3 a6 6. Bc4 e5 7. Nde2 Nc6 8. a3 Be7 9. O-O O-O 10. Qd3 b5 11. Ba2 Bb7 12. Nd5 Rc8 13. b4 Nxd5 14. Bxd5 Qd7 15. Rd1 Nb8 16. Nc3 Bxd5 17. Nxd5 Rc6 18. Be3 Kh8 19. f4 f6 20. Rd2 Qe6 21. f5 Qf7 22. Rad1 Nd7 23. Rc1 Rfc8 24. c3 Bf8 25. Ra1 Nb8 26. a4 bxa4 27. Rxa4 Qb7 28. Rda2 Rd8 29. c4 Nd7 30. b5 axb5 31. cxb5 Rc5 32. b6 Qb8 33. Qb5 Rc7 34. Nxc7 Qxc7 35. Rc2 Rb8 36. Bc5 dxc5 37. h3 Kg8 38. Qc4+ Kh8 39. Qd5 Qxb6 40. Ra8 Qb1+ 41. Kh2 Qf1 42. h4 Qf4+ 43. g3 Qe3 44. Rxb8 1-0

[Event "Sherbrooke op A"]
[Site "Sherbrooke CAN"]
[Date "2007.05.25"]
[Round "1"]
[White "Masse, Hugues"]
[Black "Corriveau, Philippe"]
[Result "1-0"]
[WhiteElo "2236"]
[BlackElo "1958"]
[PlyCount "61"]
[GameId "2160767910676001"]
[EventDate "2007.05.25"]
[EventType "swiss"]
[EventRounds "5"]
[EventCountry "CAN"]
[SourceTitle "EXT 2022"]
[Source "ChessBase"]
[SourceDate "2021.10.06"]
[SourceVersion "1"]
[SourceVersionDate "2021.10.06"]
[SourceQuality "1"]

1. d4 Nf6 2. c4 g6 3. Nc3 Bg7 4. e4 d6 5. Nf3 O-O 6. Be2 e5 7. Be3 Ng4 8. Bg5 Qe8 9. O-O h6 10. Bh4 f5 11. exf5 gxf5 12. dxe5 dxe5 13. Nd5 Rf7 14. h3 Nf6 15. Bxf6 Bxf6 16. Nxf6+ Rxf6 17. Qd5+ Re6 18. c5 Nc6 19. Bc4 Kh7 20. Rad1 Re7 21. Qd2 Qg6 22. Kh1 Bd7 23. b4 Rd8 24. b5 Nd4 25. Nxd4 Rg7 26. Rg1 Bc8 27. Qe3 exd4 28. Rxd4 Re8 29. Qf3 Re4 30. Rgd1 Rge7 31. Kh2 1-0

[Event "Sherbrooke op A"]
[Site "Sherbrooke CAN"]
[Date "2007.05.26"]
[Round "2"]
[White "Liard, Serge"]
[Black "Forget, Luc"]
[Result "0-1"]
[WhiteElo "1948"]
[BlackElo "1962"]
[PlyCount "54"]
[GameId "2160767910676007"]
[EventDate "2007.05.25"]
[EventType "swiss"]
[EventRounds "5"]
[EventCountry "CAN"]
[SourceTitle "EXT 2022"]
[Source "ChessBase"]
[SourceDate "2021.10.06"]
[SourceVersion "1"]
[SourceVersionDate "2021.10.06"]
[SourceQuality "1"]

1. e4 e5 2. Nf3 Nc6 3. Bb5 a6 4. Ba4 Nf6 5. O-O Nxe4 6. Re1 Nc5 7. Bxc6 dxc6 8. Nxe5 Be7 9. d4 Ne6 10. c3 O-O 11. Be3 f6 12. Nd3 Re8 13. Nd2 Kh8 14. Qh5 Rf8 15. Rad1 Qe8 16. Qe2 Qf7 17. Nf1 Bd7 18. Ng3 Rae8 19. f4 Bd6 20. Qf3 g6 21. b3 Ng7 22. Nc5 Rc8 23. Nce4 Nf5 24. Nxd6 cxd6 25. c4 d5 26. cxd5 Nh4 27. Qf1 Qxd5 0-1

[Event "Sherbrooke op A"]
[Site "Sherbrooke CAN"]
[Date "2007.05.26"]
[Round "2"]
[White "Szalay, Karoly"]
[Black "Masse, Hugues"]
[Result "1-0"]
[WhiteElo "1999"]
[BlackElo "2236"]
[PlyCount "81"]
[GameId "2160767910676008"]
[EventDate "2007.05.25"]
[EventType "swiss"]
[EventRounds "5"]
[EventCountry "CAN"]
[SourceTitle "EXT 2022"]
[Source "ChessBase"]
[SourceDate "2021.10.06"]
[SourceVersion "1"]
[SourceVersionDate "2021.10.06"]
[SourceQuality "1"]

1. e4 c5 2. Nf3 d6 3. d4 cxd4 4. Nxd4 Nf6 5. Nc3 a6 6. Bg5 e6 7. f4 Qc7 8. Qf3 b5 9. O-O-O b4 10. Nce2 Nbd7 11. g4 Bb7 12. Ng3 Be7 13. Bxf6 Nxf6 14. g5 Nd7 15. f5 Bxg5+ 16. Kb1 e5 17. Ne6 fxe6 18. Qh5+ Kf8 19. fxe6 Nf6 20. Qxg5 Bxe4 21. Bd3 h6 22. Qh4 Bxh1 23. Rf1 Ke7 24. Nh5 g5 25. Qh3 Raf8 26. Rxf6 e4 27. Qf5 exd3 28. cxd3 Ke8 29. e7 Rxf6 30. Qxf6 Rg8 31. Qe6 Qxe7 32. Nf6+ Kd8 33. Qxg8+ Kc7 34. Qc4+ Kb7 35. Qxb4+ Ka7 36. Qd4+ Kb7 37. a4 Qe1+ 38. Ka2 Qe7 39. a5 Bc6 40. Qb6+ Ka8 41. Qxc6+ 1-0

[Event "Sherbrooke op A"]
[Site "Sherbrooke CAN"]
[Date "2007.05.26"]
[Round "3"]
[White "Corriveau, Philippe"]
[Black "Pilotte, Benoit"]
[Result "1-0"]
[WhiteElo "1958"]
[BlackElo "1846"]
[PlyCount "77"]
[GameId "2160767910676009"]
[EventDate "2007.05.25"]
[EventType "swiss"]
[EventRounds "5"]
[EventCountry "CAN"]
[SourceTitle "EXT 2022"]
[Source "ChessBase"]
[SourceDate "2021.10.06"]
[SourceVersion "1"]
[SourceVersionDate "2021.10.06"]
[SourceQuality "1"]

1. e4 d6 2. g3 Nf6 3. Bg2 g6 4. Ne2 c5 5. d4 cxd4 6. Nxd4 Bg7 7. h3 O-O 8. O-O Qc7 9. Nc3 Nc6 10. Nde2 b6 11. Nf4 Ba6 12. Nfd5 Nxd5 13. Nxd5 Qd7 14. Re1 e6 15. Ne3 Rac8 16. c3 Ne5 17. f4 Nd3 18. Bf1 Nc5 19. Bxa6 Nxa6 20. Ng4 Nc5 21. Nf2 Rfd8 22. Be3 Na4 23. Rb1 Bxc3 24. bxc3 Nxc3 25. Qd4 Nxb1 26. Ng4 e5 27. fxe5 Qe6 28. Nf6+ Kh8 29. exd6 Rxd6 30. Nd5+ f6 31. Rxb1 Qxh3 32. Bf2 Qe6 33. Rf1 Kg8 34. Be3 f5 35. Bf4 Rdc6 36. Bg5 Rc4 37. Qb2 Rc2 38. Qa1 Qxe4 39. Nf6+ 1-0

[Event "Sherbrooke op A"]
[Site "Sherbrooke CAN"]
[Date "2007.05.26"]
[Round "3"]
[White "Masse, Hugues"]
[Black "Larochelle, Martial"]
[Result "0-1"]
[WhiteElo "2236"]
[BlackElo "2186"]
[PlyCount "54"]
[GameId "2160767910676013"]
[EventDate "2007.05.25"]
[EventType "swiss"]
[EventRounds "5"]
[EventCountry "CAN"]
[SourceTitle "EXT 2022"]
[Source "ChessBase"]
[SourceDate "2021.10.06"]
[SourceVersion "1"]
[SourceVersionDate "2021.10.06"]
[SourceQuality "1"]

1. d4 Nf6 2. c4 e6 3. Nc3 Bb4 4. Qc2 d5 5. cxd5 Qxd5 6. Nf3 Qf5 7. Qd1 e5 8. dxe5 Ng4 9. e3 Nxe5 10. Be2 O-O 11. O-O Nbc6 12. Nxe5 Nxe5 13. e4 Qg6 14. Nd5 Qxe4 15. Nxc7 Bh3 16. Qd5 Qxe2 17. Nxa8 Rxa8 18. Be3 Re8 19. gxh3 Nf3+ 20. Kh1 Rxe3 21. Qxb7 Re4 22. Qb8+ Bf8 23. Qg3 Re6 24. b3 Qe4 25. Qg4 Qb7 26. Rfd1 Rg6 27. Qd7 Rg1+ 0-1

[Event "Sherbrooke op A"]
[Site "Sherbrooke CAN"]
[Date "2007.05.27"]
[Round "4"]
[White "Corriveau, Philippe"]
[Black "Liard, Serge"]
[Result "1-0"]
[WhiteElo "1958"]
[BlackElo "1948"]
[PlyCount "73"]
[GameId "2160767910676015"]
[EventDate "2007.05.25"]
[EventType "swiss"]
[EventRounds "5"]
[EventCountry "CAN"]
[SourceTitle "EXT 2022"]
[Source "ChessBase"]
[SourceDate "2021.10.06"]
[SourceVersion "1"]
[SourceVersionDate "2021.10.06"]
[SourceQuality "1"]

1. e4 c5 2. Nc3 Nc6 3. g3 d6 4. Bg2 Nf6 5. d3 Bg4 6. f3 Bh5 7. g4 Bg6 8. f4 h6 9. Nh3 e6 10. O-O Qd7 11. f5 exf5 12. exf5 Bh7 13. Nf4 O-O-O 14. Ncd5 Be7 15. c3 Rde8 16. b4 cxb4 17. Rb1 Nxg4 18. Qa4 Bd8 19. cxb4 Bf6 20. Bb2 Bxb2 21. Rxb2 Kb8 22. b5 Nd8 23. Rc1 Qxf5 24. b6 Nc6 25. Rxc6 Re1+ 26. Bf1 a6 27. Rcc2 Ne5 28. Kf2 Ra1 29. Qb4 Rd8 30. Qc3 Nc6 31. Bh3 Qg5 32. Rc1 Qh4+ 33. Kg2 Qg5+ 34. Kf3 Ne5+ 35. Ke2 Bxd3+ 36. Kd2 Rxc1 37. Qxc1 1-0

[Event "Sherbrooke op A"]
[Site "Sherbrooke CAN"]
[Date "2007.05.27"]
[Round "4"]
[White "Forget, Luc"]
[Black "Szalay, Karoly"]
[Result "1-0"]
[WhiteElo "1962"]
[BlackElo "1999"]
[PlyCount "87"]
[GameId "2160767910676016"]
[EventDate "2007.05.25"]
[EventType "swiss"]
[EventRounds "5"]
[EventCountry "CAN"]
[SourceTitle "EXT 2022"]
[Source "ChessBase"]
[SourceDate "2021.10.06"]
[SourceVersion "1"]
[SourceVersionDate "2021.10.06"]
[SourceQuality "1"]

1. d4 d5 2. c4 e6 3. g3 Nf6 4. Bg2 c6 5. Nf3 Be7 6. O-O O-O 7. Qc2 dxc4 8. Qxc4 Re8 9. Nc3 Nd5 10. Rd1 Bf6 11. e4 Nxc3 12. bxc3 e5 13. d5 cxd5 14. exd5 Bf5 15. Be3 Nd7 16. Qb3 b6 17. Rac1 h6 18. h3 Nc5 19. Bxc5 bxc5 20. Qc4 Qd6 21. Nd2 Rab8 22. g4 Bh7 23. Be4 Bg5 24. Bxh7+ Kxh7 25. Ne4 Qc7 26. Nxg5+ hxg5 27. d6 Qd7 28. Qxc5 Re6 29. Rd5 Rc8 30. Qb4 Rh6 31. Kg2 Qc6 32. Rcd1 Rd8 33. f3 Qa6 34. R1d2 Rxh3 35. Qb1+ f5 36. Kxh3 g6 37. gxf5 Qc4 38. fxg6+ Kg7 39. Qe4 Qf1+ 40. Kg3 Qg1+ 41. Rg2 Qc1 42. Qxe5+ Kxg6 43. Qe6+ Kh5 44. Rh2# 1-0

[Event "Sherbrooke op A"]
[Site "Sherbrooke CAN"]
[Date "2007.05.27"]
[Round "5"]
[White "Liard, Serge"]
[Black "Masse, Hugues"]
[Result "1-0"]
[WhiteElo "1948"]
[BlackElo "2236"]
[PlyCount "63"]
[GameId "2160767910676021"]
[EventDate "2007.05.25"]
[EventType "swiss"]
[EventRounds "5"]
[EventCountry "CAN"]
[SourceTitle "EXT 2022"]
[Source "ChessBase"]
[SourceDate "2021.10.06"]
[SourceVersion "1"]
[SourceVersionDate "2021.10.06"]
[SourceQuality "1"]

1. e4 d5 2. exd5 Nf6 3. Nc3 Nxd5 4. Bc4 Nxc3 5. bxc3 e6 6. Nf3 Be7 7. a4 O-O 8. Ba3 b6 9. Qe2 Bb7 10. Bxe7 Qxe7 11. O-O Nd7 12. d4 Qf6 13. Ne5 Nxe5 14. dxe5 Qg6 15. f3 a5 16. Rfd1 Rfd8 17. Rd4 Qg5 18. Rad1 Rxd4 19. Rxd4 Rd8 20. f4 Qe7 21. Rxd8+ Qxd8 22. Qd3 Qa8 23. Qf1 Qf8 24. Qd3 Qa8 25. Qf1 Be4 26. Qe2 h6 27. Bd3 Bc6 28. f5 exf5 29. e6 g6 30. Bc4 f6 31. e7+ Kg7 32. Bd5 1-0

[Event "Sherbrooke op A"]
[Site "Sherbrooke CAN"]
[Date "2007.05.27"]
[Round "5"]
[White "Pilotte, Benoit"]
[Black "Furger, Josef"]
[Result "1-0"]
[WhiteElo "1846"]
[BlackElo "1213"]
[PlyCount "52"]
[GameId "2160767910676022"]
[EventDate "2007.05.25"]
[EventType "swiss"]
[EventRounds "5"]
[EventCountry "CAN"]
[SourceTitle "EXT 2022"]
[Source "ChessBase"]
[SourceDate "2021.10.06"]
[SourceVersion "1"]
[SourceVersionDate "2021.10.06"]
[SourceQuality "1"]

1. e4 c5 2. Nf3 Nc6 3. d4 cxd4 4. Nxd4 e5 5. Nb5 d6 6. N1c3 a6 7. Na3 Nf6 8. Bg5 h6 9. Bxf6 Qxf6 10. Nd5 Qg6 11. Nc7+ Kd8 12. Nxa8 Qxe4+ 13. Qe2 Qd4 14. Nc4 Qa7 15. Nab6 Be6 16. c3 f6 17. O-O-O Be7 18. Nxd6 Kc7 19. Ndc4 Bc5 20. Nd5+ Kb8 21. Nce3 h5 22. g3 Bg4 23. Nxg4 hxg4 24. Qxg4 b5 25. Qe6 Nd8 26. Qf5 Rh5 1-0

[Event "Sherbrooke op B"]
[Site "Sherbrooke CAN"]
[Date "2007.05.25"]
[Round "1"]
[White "Courteau, Bernard"]
[Black "Furger, Josef"]
[Result "1-0"]
[WhiteElo "1601"]
[BlackElo "1213"]
[PlyCount "116"]
[GameId "2160767910676024"]
[EventDate "2007.05.25"]
[EventType "swiss"]
[EventRounds "5"]
[EventCountry "CAN"]
[SourceTitle "EXT 2022"]
[Source "ChessBase"]
[SourceDate "2021.10.06"]
[SourceVersion "1"]
[SourceVersionDate "2021.10.06"]
[SourceQuality "1"]

1. e4 e5 2. Nf3 Nc6 3. Bb5 a6 4. Ba4 Nf6 5. O-O Be7 6. Re1 d6 7. c3 Bd7 8. d4 b5 9. Bc2 Bg4 10. Be3 Qc8 11. Nbd2 O-O 12. h3 Bh5 13. Nf1 h6 14. Ng3 Bg6 15. Nh4 Bh7 16. Nhf5 Re8 17. d5 Na5 18. Qf3 Qd8 19. Rad1 Nc4 20. Bc1 Nb6 21. Nh5 Bf8 22. Nxf6+ Qxf6 23. Nxh6+ Kh8 24. Nxf7+ Kg8 25. Nh6+ Kh8 26. Qxf6 gxf6 27. Rd3 Bxh6 28. Bxh6 Rg8 29. Bc1 Rg6 30. Kh2 Rag8 31. Rg3 Rxg3 32. fxg3 Nxd5 33. Bb3 Ne7 34. Bxg8 Bxg8 35. a3 Bc4 36. g4 Kg7 37. h4 Bd3 38. Kg3 c5 39. Kf3 c4 40. h5 Ng8 41. g5 f5 42. exf5 Bxf5 43. g4 Bd3 44. Re3 Kf7 45. Rxd3 cxd3 46. Ke4 Ne7 47. g6+ Kg7 48. Kxd3 d5 49. Bg5 Nc6 50. b4 Nb8 51. Bh4 Nc6 52. g5 Nb8 53. Bg3 Nc6 54. Ke3 Kg8 55. h6 Kh8 56. Kf3 Kg8 57. Kg4 e4 58. Kf5 Kh8 1-0